Euro ako medzinárodná mena

Euro ako medzinárodná mena a jej vplyv na bankový sektor a na podnikateľské subjekty. Zvýšenie konkurencie v bankovníctve. Dopad na firmy na území SR.

Uložené v:
Podrobná bibliografia
Hlavný autor: Kollár, Jozef
Médium: Kapitola
Jazyk:Slovak
Predmet:
Tagy: Pridať tag
Žiadne tagy, Buďte prvý, kto otaguje tento záznam!

MARC

LEADER 00000naa a2200000 4500
001 r034142
005 20041019155600.2
041 0 |a slo 
044 |a SK 
245 1 0 |a Euro ako medzinárodná mena  |c Jozef Kollár 
520 |a Euro ako medzinárodná mena a jej vplyv na bankový sektor a na podnikateľské subjekty. Zvýšenie konkurencie v bankovníctve. Dopad na firmy na území SR. 
610 2 0 |a euro 
610 2 0 |a mena 
610 2 0 |a bankovníctvo 
610 2 0 |a konkurencia 
610 2 0 |a Slovensko 
100 1 |a Kollár, Jozef